|
|
|
|
| LEADER |
01211njm a2200337 a 4500 |
| 001 |
000406476 |
| 003 |
CZ BrMZK |
| 005 |
19950101143423.0 |
| 008 |
950101s1994 xr f eng d |
| 028 |
0 |
3 |
|a MK 0014-4 131
|b Studio Matouš
|
| 040 |
|
|
|a BOA001
|b cze
|
| 080 |
|
|
|a 786.24(086.7)
|2 MRF
|
| 080 |
|
|
|a 786.2.085(086.7)
|2 MRF
|
| 100 |
1 |
|
|a Smetana, Bedřich,
|d 1824-1884
|7 jk01120043
|4 cmp
|
| 245 |
1 |
0 |
|a Czech dances ;
|b Vltava
|h [zvukový záznam] /
|c Bedřich Smetana.
|
| 260 |
|
|
|a Praha :
|b Studio Matouš,
|c p1994
|
| 300 |
|
|
|a 1 MC :
|b stereo +
|e 1 slož. list.
|
| 306 |
|
|
|a 010742
|
| 500 |
|
|
|a Durata 67:42
|
| 500 |
|
|
|a Nahr. 1993, 1994
|
| 511 |
0 |
|
|a Petr Jiříkovský, klavír; Daniel Wiesner, klavír.
|
| 653 |
0 |
|
|a klavírní polky
|a klavírní stylizované tance
|a čtyřruční klavír
|
| 700 |
1 |
|
|a Jiříkovský, Petr,
|d 1971-
|7 jn19990209324
|4 prf
|
| 700 |
1 |
|
|a Wiesner, Daniel,
|d 1969-
|7 jn19990009124
|4 prf
|
| 765 |
0 |
|
|t České tance
|
| 740 |
0 |
2 |
|a Vltava
|
| 910 |
|
|
|a BOA001
|b KZ-0002.923
|
| 964 |
|
|
|a Klavír
|x tance stylizované
|x MC
|
| 964 |
|
|
|a Klavír čtyřruční
|x MC
|
| 990 |
|
|
|a AV
|
| 996 |
6 |
|
|b 261H002956
|c KZ-0002.923
|l MZK
|r Sklad / do 24 hodin
|n 0
|w 000406476
|u 000010
|a 1
|e BOA001
|j MZK50
|s P
|